Osobné, tzv. on-line napojenie Päť minút s ekonomikou - včera v STV, dnes v HN

Rozhodovanie v reálnom čase - napojenie on-line. Kontinuálne obchodovanie pomocou RM-Systému.

Uložené v:
Podrobná bibliografia
Hlavný autor: Pinter, Michal
Médium: Kapitola
Jazyk:Slovak
Predmet:
Tagy: Pridať tag
Žiadne tagy, Buďte prvý, kto otaguje tento záznam!

MARC

LEADER 00000naa a2200000 4500
001 r014856
005 20220408112542.6
041 0 |a slo 
044 |a SK 
245 1 0 |a Osobné, tzv. on-line napojenie  |b Päť minút s ekonomikou - včera v STV, dnes v HN  |c Michal Pinter 
520 |a Rozhodovanie v reálnom čase - napojenie on-line. Kontinuálne obchodovanie pomocou RM-Systému. 
610 2 0 |a systém on-line 
610 2 0 |a obchody burzové 
610 2 0 |a RM-Systém Slovakia 
100 1 |a Pinter, Michal